Polskie miasta, przez które przechodzi południk 15 - Statystyki

Ogólne statystyki
  • Ten quiz został rozwiązany 19 razy
  • Średni wynik to 2 z 5
Statystyki odpowiedzi
Województwo Szerokość geograficzna Miasto % Poprawnych
Zachodniopomorskie 53°20'31.7"N Stargard
65%
Dolnośląskie 51°09'28.8"N Zgorzelec
53%
Dolnośląskie 50°54'20.1"N Bogatynia
35%
Zachodniopomorskie 53°49'04.1"N Golczewo
0%
Lubuskie 51°45'29.0"N Jasień
0%
Nie znaleziono quizów pasujących do podanych kryteriów
Rozkład punktacji
Procent ludzi z każdym wynikiem
Percentyl według liczby udzielonych odpowiedzi
Twoja historia wyników
Nie rozwiązałeś tego quizu